000 01066nam a2200325 i 4500
001 015753079
003 EG-ScBUE
005 20250817103416.0
008 110209t2012 caua f 001 0 eng d
020 _a111142683X (pbk.)
020 _a9781111426835 (pbk.)
040 _aEG-ScBUE
_beng
_erda
_cEG-ScBUE
_dEG-ScBUE
082 0 4 _a547
_222
_bORG
245 0 0 _aOrganic Chemistry /
_cWilliam H. Brown, Beloit College [and four others]
250 _aSixth edition.
250 _aInternational edition.
264 1 _aPacific Grove, Calif. :
_bBrooks/Cole Cengage Learning,
_c[2012]
264 4 _cc2012
300 _a1 volume (various pagings) :
_billustrations (some color) ;
_c28 cm
336 _2rdacontent
_atext
_btxt
337 _aunmediated
_2rdamedia
_bn
338 _avolume
_bnc
_2rdacarrier
500 _aIncludes index.
650 7 _aChemistry, Organic.
_2BUEsh
_930062
653 _cJune2012
_cSeptember2012
655 _vReading book
700 1 _aBrown, William Henry,
_d1932-
_eauthor.
_930063
942 _2ddc
_cBB
999 _c16758
_d16758